[Event "Aragon-chT Preferente"]
[Site "Spain"]
[Date "2010.03.20"]
[Round "9.60"]
[White "Gomez Zazurca, Rodolfo"]
[Black "Lahoz Barragan, Andres"]
[Result "0-1"]
[WhiteElo "1881"]
[BlackElo "1664"]
[PlyCount "63"]
[EventDate "2010.01.23"]
[EventType "team-swiss"]
[EventRounds "12"]
[EventCountry "ESP"]
[SourceTitle "EXT 2013"]
[Source "ChessBase"]
[SourceDate "2012.11.22"]
[SourceVersion "1"]
[SourceVersionDate "2012.11.22"]
[SourceQuality "1"]
[WhiteTeam "Huesca Club Atletismo"]
[BlackTeam "St Casablanca IV"]
[WhiteTeamCountry "ESP"]
[BlackTeamCountry "ESP"]

1. e4 c5 2. Nc3 d6 3. f4 a6 4. Nf3 Nd7 5. g3 g6 6. Bg2 Bg7 7. 0-0 e6 8. d3 Ne7 9. a4 Rb8 10. Qe2 b5 11. axb5 axb5 12. f5 0-0 13. Bg5 f6 14. fxg6 Nxg6 15. Bh3 fxg5 16. Bxe6+ Kh8 17. Ra7 Nge5 18. Nxe5 Nxe5 19. Ba2 Rxf1+ 20. Qxf1 Qf6 21. Qxf6 Bxf6 22. Nd5 Bd8 23. Kg2 Nc6 24. Rf7 Be6 25. Rf2 Kg7 26. c3 Bxd5 27. Bxd5 Ne5 28. d4 Nc4 29. Rf7+ Kg6 30. Kf3 cxd4 31. cxd4 Bf6 32. Ra7 0-1

[Event "Aragon-chT Preferente"]
[Site "Spain"]
[Date "2010.01.30"]
[Round "2.60"]
[White "Gil Pineiro, David"]
[Black "Lahoz Barragan, Andres"]
[Result "0-1"]
[WhiteElo "1937"]
[BlackElo "1664"]
[PlyCount "76"]
[EventDate "2010.01.23"]
[EventType "team-swiss"]
[EventRounds "12"]
[EventCountry "ESP"]
[SourceTitle "EXT 2013"]
[Source "ChessBase"]
[SourceDate "2012.11.22"]
[SourceVersion "1"]
[SourceVersionDate "2012.11.22"]
[SourceQuality "1"]
[WhiteTeam "Teruel"]
[BlackTeam "St Casablanca IV"]
[WhiteTeamCountry "ESP"]
[BlackTeamCountry "ESP"]

1. e4 c5 2. d4 d6 3. dxc5 Qa5+ 4. Nc3 Qxc5 5. Be3 Qc7 6. Qd2 Nf6 7. f3 a6 8. Nge2 e5 9. g4 Be6 10. Ng3 Be7 11. Nf5 Bxf5 12. gxf5 Nbd7 13. Rg1 Rg8 14. 0-0-0 b5 15. Kb1 Nb6 16. Rg2 Rd8 17. Bg5 Qc6 18. Bxf6 Bxf6 19. Nd5 Nxd5 20. Qxd5 Qxd5 21. Rxd5 Ke7 22. a4 bxa4 23. Bxa6 Ra8 24. Bb5 Rgb8 25. c4 Rb6 26. Ka2 h6 27. Ka3 Bg5 28. Rd3 Kf6 29. Bxa4 g6 30. fxg6 fxg6 31. b3 Kf7 32. Rf2 Be7 33. Rd5 Ke6 34. Rg2 g5 35. Rdd2 d5+ 36. Ka2 dxc4 37. h4 cxb3+ 38. Kb2 Rxa4 0-1